[Event "Wch U20 Blitz"]
[Site "Pula"]
[Date "2023.10.14"]
[Round "3"]
[White "Troselj, Ivan"]
[Black "Nesterov, Arseniy"]
[Result "0-1"]
[WhiteElo "2040"]
[BlackElo "2575"]
[PlyCount "86"]
[EventDate "2023.10.14"]
[EventType "swiss (blitz)"]
[EventRounds "11"]
[EventCountry "ITA"]
[SourceTitle "Mega2024 Update 01"]
[Source "Chessbase"]
[SourceDate "2023.11.12"]
[SourceVersion "1"]
[SourceVersionDate "2023.11.12"]
[SourceQuality "1"]

1. e4 e5 2. Nc3 Nf6 3. g3 d5 4. exd5 Nxd5 5. Bg2 Nxc3 6. bxc3 Nc6 7. Rb1 Bc5 8. Ne2 0-0 9. 0-0 Re8 10. d4 exd4 11. cxd4 Nxd4 12. Nxd4 Bxd4 13. Bf4 Bb6 14. Re1 Qxd1 15. Rbxd1 Bg4 16. Rb1 c6 17. h3 Bf5 18. g4 Bxc2 19. Rbc1 Bg6 20. Rcd1 h5 21. Bg3 hxg4 22. hxg4 f6 23. Kf1 Bf7 24. Rxe8+ Rxe8 25. Rd7 Bxa2 26. Rxb7 Bc4+ 27. Kg1 Re1+ 28. Kh2 Bd5 29. Rb8+ Kf7 30. Rc8 Re8 31. Bxd5+ cxd5 32. Rc3 d4 33. Rd3 Ke6 34. Kg2 Kd5 35. Kf3 a5 36. Bf4 a4 37. Bd2 Bc5 38. Bf4 g5 39. Bc7 a3 40. Rd1 Ra8 41. Ke2 a2 42. Ra1 Bb4 43. Kd3 Bc3 0-1

[Event "Wch U20 Rapid"]
[Site "Pula"]
[Date "2023.10.12"]
[Round "8"]
[White "Avdiu, Bardh"]
[Black "Troselj, Ivan"]
[Result "1-0"]
[WhiteElo "1986"]
[BlackElo "2040"]
[PlyCount "47"]
[EventDate "2023.10.10"]
[EventType "swiss (rapid)"]
[EventRounds "11"]
[EventCountry "ITA"]
[SourceTitle "Mega2024 Update 01"]
[Source "Chessbase"]
[SourceDate "2023.11.12"]
[SourceVersion "1"]
[SourceVersionDate "2023.11.12"]
[SourceQuality "1"]

1. e4 c6 2. d4 d5 3. f3 Nd7 4. Nc3 e6 5. Be3 b6 6. Bd3 Bb7 7. Qe2 dxe4 8. fxe4 Ngf6 9. e5 Nd5 10. Nxd5 cxd5 11. Nf3 Be7 12. 0-0 f5 13. exf6 Bxf6 14. Ng5 Qe7 15. Nxh7 0-0-0 16. Nxf6 gxf6 17. Rac1 Rdg8 18. Bf4 e5 19. Bg3 Qg7 20. Bf5 Qg5 21. dxe5 d4 22. exf6 Rxh2 23. Qc4+ Kd8 24. Qc7+ 1-0

[Event "Wch U20 Rapid"]
[Site "Pula"]
[Date "2023.10.12"]
[Round "11"]
[White "Bettalli, Francesco"]
[Black "Troselj, Ivan"]
[Result "1-0"]
[WhiteElo "2274"]
[BlackElo "2040"]
[PlyCount "40"]
[EventDate "2023.10.10"]
[EventType "swiss (rapid)"]
[EventRounds "11"]
[EventCountry "ITA"]
[SourceTitle "Mega2024 Update 01"]
[Source "Chessbase"]
[SourceDate "2023.11.12"]
[SourceVersion "1"]
[SourceVersionDate "2023.11.12"]
[SourceQuality "1"]

1. e4 c6 2. d4 d5 3. exd5 cxd5 4. Bd3 Nc6 5. c3 Qc7 6. Ne2 e5 7. dxe5 Nxe5 8. 0-0 Nxd3 9. Qxd3 Nf6 10. Re1 Be7 11. Bf4 Qb6 12. Nd4 Be6 13. Na3 0-0 14. Nab5 Rac8 15. a4 a6 16. a5 Qc5 17. Be3 Qc4 18. Qxc4 Rxc4 19. Nxe6 fxe6 20. Nd4 e5 1-0

[Event "CRO-chT1B 29th"]
[Site "Mali Losinj"]
[Date "2021.09.29"]
[Round "6.66"]
[White "Troselj, Ivan"]
[Black "Tomerlin, Sinisa"]
[Result "1/2-1/2"]
[WhiteElo "2023"]
[BlackElo "2173"]
[PlyCount "62"]
[EventDate "2021.09.25"]
[EventType "team-tourn"]
[EventRounds "11"]
[EventCountry "CRO"]
[SourceTitle "CBM 204 Extra"]
[Source "ChessBase"]
[SourceDate "2021.11.30"]
[SourceVersion "1"]
[SourceVersionDate "2021.11.30"]
[SourceQuality "1"]
[WhiteTeam "Rijeka Junior"]
[BlackTeam "Pozega"]
[WhiteTeamCountry "CRO"]
[BlackTeamCountry "CRO"]

1. e4 d6 2. d4 Nf6 3. Bd3 g6 4. Nf3 Bg7 5. 0-0 0-0 6. c3 c5 7. Re1 cxd4 8. cxd4 Nc6 9. Nc3 Bg4 10. Be3 e5 11. d5 Nd4 12. Bxd4 exd4 13. Nb5 Qb6 14. Na3 Nd7 15. Nc4 Qc7 16. h3 Bxf3 17. Qxf3 b5 18. Na3 a6 19. Rac1 Qa5 20. Qe2 Nc5 21. Nc2 Qxa2 22. b4 Nxd3 23. Qxd3 Qc4 24. Rcd1 Rfc8 25. Nxd4 Qxd3 26. Rxd3 Rc4 27. Nc6 Re8 28. Ra3 Bc3 29. Re2 Bxb4 30. Nxb4 Rxb4 31. Rxa6 Rexe4 1/2-1/2

[Event "Solta op 4th"]
[Site "Grohote"]
[Date "2021.08.13"]
[Round "7"]
[White "Troselj, Ivan"]
[Black "Ek, Alexandre"]
[Result "0-1"]
[WhiteElo "2030"]
[BlackElo "2171"]
[PlyCount "100"]
[EventDate "2021.08.08"]
[EventType "swiss"]
[EventRounds "9"]
[EventCountry "CRO"]
[SourceTitle "CBM 203 Extra"]
[Source "ChessBase"]
[SourceDate "2021.09.30"]
[SourceVersion "1"]
[SourceVersionDate "2021.09.30"]
[SourceQuality "1"]

1. e4 c5 2. Nf3 e6 3. c3 Nf6 4. e5 Nd5 5. d4 cxd4 6. cxd4 b6 7. Bd3 Bb7 8. 0-0 d6 9. Nc3 Nxc3 10. bxc3 Qc7 11. Bd2 Nd7 12. Re1 Rc8 13. Rc1 dxe5 14. Nxe5 Nxe5 15. Bf4 Nf3+ 16. Qxf3 Bxf3 17. Bxc7 Rxc7 18. gxf3 Ba3 19. Rc2 0-0 20. f4 Rfc8 21. c4 Rd8 22. d5 exd5 23. cxd5 Rxc2 24. Bxc2 Rxd5 25. Re8+ Bf8 26. Kg2 g6 27. Bb3 Rf5 28. Kg3 Kg7 29. Rd8 Rf6 30. Rd7 a5 31. Rd4 Bc5 32. Rc4 Rd6 33. f3 f5 34. Rc3 Rd2 35. Rc2 Rxc2 36. Bxc2 b5 37. Bd3 b4 38. Bc2 Bd6 39. h3 Kf6 40. Bb3 g5 41. Bg8 Bxf4+ 42. Kf2 h5 43. Bb3 g4 44. fxg4 hxg4 45. hxg4 fxg4 46. Ba4 Ke5 47. Bd7 g3+ 48. Kf3 Kd4 49. Bc6 Bc7 50. Ke2 Kc3 0-1

[Event "Solta op 4th"]
[Site "Grohote"]
[Date "2021.08.10"]
[Round "4"]
[White "De Strycker, Nathan"]
[Black "Troselj, Ivan"]
[Result "1-0"]
[WhiteElo "2297"]
[BlackElo "2030"]
[PlyCount "44"]
[EventDate "2021.08.08"]
[EventType "swiss"]
[EventRounds "9"]
[EventCountry "CRO"]
[SourceTitle "CBM 203 Extra"]
[Source "ChessBase"]
[SourceDate "2021.09.30"]
[SourceVersion "1"]
[SourceVersionDate "2021.09.30"]
[SourceQuality "1"]

1. d4 d5 2. c4 e6 3. Nc3 Nf6 4. cxd5 exd5 5. Bg5 Be7 6. e3 0-0 7. Bd3 c6 8. Qc2 h6 9. Bh4 Nbd7 10. Nge2 Nh5 11. Bxe7 Qxe7 12. Rb1 Qh4 13. b3 Re8 14. g3 Qf6 15. g4 Qf3 16. Rg1 Nhf6 17. Rg3 Qh1+ 18. Kd2 Qxh2 19. Rbg1 c5 20. g5 cxd4 21. gxf6 dxc3+ 22. Qxc3 Nf8 1-0

[Event "CRO-ch U17"]
[Site "Split"]
[Date "2021.07.27"]
[Round "4"]
[White "Novosel, Lovro"]
[Black "Troselj, Ivan"]
[Result "1-0"]
[WhiteElo "1996"]
[BlackElo "2030"]
[PlyCount "73"]
[EventDate "2021.07.25"]
[EventType "swiss"]
[EventRounds "9"]
[EventCountry "CRO"]
[SourceTitle "EXT 2022"]
[Source "ChessBase"]
[SourceDate "2021.10.06"]
[SourceVersion "1"]
[SourceVersionDate "2021.10.06"]
[SourceQuality "1"]

1. Nf3 b5 2. g3 Bb7 3. Bg2 e6 4. 0-0 Nf6 5. d3 c5 6. Nbd2 Be7 7. c4 bxc4 8. Nxc4 d5 9. Ne3 Nc6 10. b3 0-0 11. Bb2 a5 12. d4 a4 13. dxc5 Bxc5 14. Nd4 a3 15. Nxc6 Bxc6 16. Bd4 Be7 17. Rc1 Qd7 18. Qd2 Rfd8 19. Rfd1 Bb5 20. Be5 Rac8 21. Nc2 h6 22. Nd4 Ba6 23. Qa5 Qb7 24. Bf3 Bb4 25. Qa4 Nd7 26. Bc7 Nc5 27. Rxc5 Bxc5 28. Bxd8 Rxd8 29. b4 Bxd4 30. Rxd4 Ra8 31. Qd1 Rc8 32. e4 dxe4 33. Bxe4 Qb6 34. Rd6 Qxb4 35. Rd8+ Rxd8 36. Qxd8+ Qf8 37. Bh7+ 1-0

[Event "CRO-chT U20 30th"]
[Site "Rabac"]
[Date "2021.04.09"]
[Round "8.2"]
[White "Troselj, Ivan"]
[Black "Zadro, Matej"]
[Result "1/2-1/2"]
[WhiteElo "1962"]
[BlackElo "1742"]
[PlyCount "53"]
[EventDate "2021.04.06"]
[EventType "team-tourn"]
[EventRounds "11"]
[EventCountry "CRO"]
[SourceTitle "CBM 201 Extra"]
[Source "ChessBase"]
[SourceDate "2021.05.31"]
[SourceVersion "1"]
[SourceVersionDate "2021.05.31"]
[SourceQuality "1"]
[WhiteTeam "Rijeka Junior U20"]
[BlackTeam "Koprivnica U20"]
[WhiteTeamCountry "CRO"]
[BlackTeamCountry "CRO"]

1. e4 e5 2. Nc3 Nf6 3. g3 d5 4. exd5 Nxd5 5. Bg2 Nxc3 6. bxc3 Bc5 7. Ne2 Nc6 8. Rb1 0-0 9. 0-0 Bb6 10. d3 Bg4 11. h3 Be6 12. c4 Rb8 13. Ba3 Re8 14. Kh2 Nd4 15. c3 Nxe2 16. Qxe2 c6 17. Rb2 Bf5 18. Rd1 Bc7 19. Bc5 b6 20. Bxc6 bxc5 21. Rxb8 Qxb8 22. Bxe8 Qxe8 23. d4 g6 24. d5 Bd6 25. h4 e4 26. Re1 Be5 27. Qe3 1/2-1/2

[Event "CRO-chT U20 30th"]
[Site "Rabac"]
[Date "2021.04.08"]
[Round "6.2"]
[White "Troselj, Ivan"]
[Black "Simunic, Krunoslav"]
[Result "1-0"]
[WhiteElo "1962"]
[BlackElo "1999"]
[PlyCount "65"]
[EventDate "2021.04.06"]
[EventType "team-tourn"]
[EventRounds "11"]
[EventCountry "CRO"]
[SourceTitle "CBM 201 Extra"]
[Source "ChessBase"]
[SourceDate "2021.05.31"]
[SourceVersion "1"]
[SourceVersionDate "2021.05.31"]
[SourceQuality "1"]
[WhiteTeam "Rijeka Junior U20"]
[BlackTeam "Split Mornar U20"]
[WhiteTeamCountry "CRO"]
[BlackTeamCountry "CRO"]

1. e4 e6 2. d3 d5 3. Nd2 c5 4. Ngf3 Nf6 5. g3 g6 6. Bg2 Bg7 7. 0-0 0-0 8. Re1 Nc6 9. Qe2 Qc7 10. Nf1 b6 11. e5 Nd7 12. Bf4 Ba6 13. h4 Rac8 14. N1h2 Ndb8 15. h5 c4 16. hxg6 hxg6 17. Ng5 cxd3 18. Qg4 Bxe5 19. Qh4 f6 20. Nxe6 Qh7 21. Qxh7+ Kxh7 22. Nxf8+ Rxf8 23. cxd3 Bxb2 24. Rad1 Bc3 25. Re6 Bc8 26. Re2 d4 27. Bxb8 Nxb8 28. Re7+ Kh6 29. Rxa7 Be6 30. f4 Nd7 31. Bf3 f5 32. Kf2 Nc5 33. Ng4+ 1-0

[Event "CRO-chT U20 30th"]
[Site "Rabac"]
[Date "2021.04.06"]
[Round "1.2"]
[White "Vucenovic, Damian"]
[Black "Troselj, Ivan"]
[Result "0-1"]
[WhiteElo "2008"]
[BlackElo "1962"]
[PlyCount "118"]
[EventDate "2021.04.06"]
[EventType "team-tourn"]
[EventRounds "11"]
[EventCountry "CRO"]
[SourceTitle "CBM 201 Extra"]
[Source "ChessBase"]
[SourceDate "2021.05.31"]
[SourceVersion "1"]
[SourceVersionDate "2021.05.31"]
[SourceQuality "1"]
[WhiteTeam "Sesvete Agroproteinka U20"]
[BlackTeam "Rijeka Junior U20"]
[WhiteTeamCountry "CRO"]
[BlackTeamCountry "CRO"]

1. e4 c6 2. d4 d5 3. exd5 cxd5 4. Bd3 Nc6 5. c3 Qc7 6. Ne2 e5 7. dxe5 Nxe5 8. Bb5+ Bd7 9. Bxd7+ Qxd7 10. 0-0 Nf6 11. Re1 Be7 12. Nd4 Nc4 13. Qf3 Ne4 14. Nf5 Bf6 15. Nd2 Ncxd2 16. Bxd2 0-0 17. Be3 Qb5 18. Qg4 Qxb2 19. f3 Nxc3 20. Bd4 Bxd4+ 21. Qxd4 Qb6 22. Re3 Qxd4 23. Nxd4 Rfc8 24. Nf5 Kf8 25. Rae1 Rc7 26. Nd6 g6 27. a3 b6 28. h4 Rd8 29. Re8+ Rxe8 30. Rxe8+ Kg7 31. Rc8 Rxc8 32. Nxc8 Nb5 33. a4 Nc3 34. Nxa7 Nxa4 35. Nb5 Kf6 36. Kf2 Ke5 37. Ke3 Nc5 38. f4+ Kf5 39. Kf3 Nb3 40. Nc7 d4 41. g4+ Kf6 42. Nd5+ Ke6 43. Nxb6 Nc5 44. Nc4 f6 45. Nd2 Kd5 46. h5 gxh5 47. gxh5 f5 48. Kg2 d3 49. Kf3 Kd4 50. h6 Kc3 51. Nf1 Nb3 52. Ne3 Nd4+ 53. Kf2 d2 54. Kg3 Kd3 55. Nd1 Ke2 56. Nc3+ Ke1 57. Kh4 Ne6 58. Kh5 d1Q+ 59. Nxd1 Kxd1 0-1

[Event "Wch FIDE Online U16 Europe qual"]
[Site "Tornelo INT"]
[Date "2020.12.08"]
[Round "3"]
[White "Troselj, Ivan"]
[Black "Collins, Adam"]
[Result "0-1"]
[WhiteElo "1774"]
[BlackElo "1630"]
[PlyCount "98"]
[EventDate "2020.12.07"]
[EventType "swiss (rapid)"]
[EventRounds "7"]
[EventCountry "ISS"]
[SourceTitle "EXT 2022"]
[Source "ChessBase"]
[SourceDate "2021.10.06"]
[SourceVersion "1"]
[SourceVersionDate "2021.10.06"]
[SourceQuality "1"]

1. e4 c6 2. Nc3 d5 3. Nf3 Bg4 4. exd5 cxd5 5. d4 Nc6 6. Bb5 Nf6 7. 0-0 e6 8. Bf4 Bd6 9. Bxc6+ bxc6 10. Bxd6 Qxd6 11. Na4 Ne4 12. h3 Bxf3 13. Qxf3 Nd2 14. Qe3 Nxf1 15. Rxf1 0-0 16. Nc5 Rab8 17. b3 Rfe8 18. f4 Re7 19. Qc3 f6 20. Nd3 Qc7 21. Nc5 Qb6 22. Re1 Rbe8 23. Nd3 e5 24. fxe5 fxe5 25. Qc5 Qxc5 26. dxc5 a5 27. c3 e4 28. Nf4 g6 29. Kf2 Rf8 30. Ke3 Ref7 31. Ne6 Rf1 32. Re2 R8f6 33. Nd8 Rd1 34. Rd2 Rxd2 35. Kxd2 Kf8 36. Ke3 Ke7 37. Nb7 Rf1 38. Nxa5 Kd7 39. b4 Ra1 40. Nb3 Rxa2 41. g3 Rg2 42. g4 Rg3+ 43. Kd4 Rd3+ 44. Ke5 Rxc3 45. Nd4 e3 46. b5 cxb5 47. Kxd5 Rd3 48. c6+ Kc7 49. Ke4 Rxd4+ 0-1

[Event "Wch FIDE Online U16 Europe qual"]
[Site "Tornelo INT"]
[Date "2020.12.07"]
[Round "1"]
[White "Troselj, Ivan"]
[Black "Garrido Outon, Alex"]
[Result "0-1"]
[WhiteElo "1774"]
[BlackElo "1723"]
[PlyCount "76"]
[EventDate "2020.12.07"]
[EventType "swiss (rapid)"]
[EventRounds "7"]
[EventCountry "ISS"]
[SourceTitle "EXT 2022"]
[Source "ChessBase"]
[SourceDate "2021.10.06"]
[SourceVersion "1"]
[SourceVersionDate "2021.10.06"]
[SourceQuality "1"]

1. e4 c5 2. Nf3 d6 3. c3 Nf6 4. h3 Bd7 5. Bd3 Bc6 6. Qe2 Nh5 7. Bc2 Nf4 8. Qf1 d5 9. d3 dxe4 10. dxe4 Qc7 11. Bxf4 Qxf4 12. Nbd2 Nd7 13. g3 Qc7 14. Qe2 g6 15. 0-0-0 Bg7 16. Rhe1 0-0 17. Nh4 b5 18. f4 e5 19. f5 c4 20. Qe3 Rfd8 21. Ndf3 Bb7 22. Rd2 Nc5 23. Red1 Rxd2 24. Rxd2 a5 25. fxg6 hxg6 26. g4 b4 27. Ng2 b3 28. Bb1 bxa2 29. Bxa2 Nxe4 30. Re2 Ng3 31. Rf2 Rd8 32. Nd2 Rd3 33. Qe1 Bh6 34. h4 Rxd2 35. Rxd2 Bxd2+ 36. Qxd2 e4 37. Ne3 Ba6 38. Qd4 Ne2+ 0-1

[Event "EU-ch Online U16"]
[Site "Tornelo INT"]
[Date "2020.09.18"]
[Round "1"]
[White "Troselj, Ivan"]
[Black "Suleymanli, Aydin Elshan"]
[Result "0-1"]
[WhiteElo "1805"]
[BlackElo "2202"]
[PlyCount "50"]
[EventDate "2020.09.18"]
[EventType "swiss (rapid)"]
[EventRounds "9"]
[EventCountry "NET"]
[SourceTitle "EXT 2023"]
[Source "ChessBase"]
[SourceDate "2022.10.05"]
[SourceVersion "1"]
[SourceVersionDate "2022.10.05"]
[SourceQuality "1"]
[WhiteTeam "Croatia"]
[BlackTeam "Azerbaijan"]
[WhiteTeamCountry "CRO"]
[BlackTeamCountry "AZE"]

1. e4 c6 2. d4 d5 3. exd5 cxd5 4. Nf3 Nc6 5. Bd3 Bg4 6. c3 Qc7 7. 0-0 e6 8. Bg5 Bd6 9. h3 Bh5 10. Nbd2 Nge7 11. Qc2 f6 12. Be3 Bg6 13. Rfe1 0-0 14. Rac1 Rac8 15. Bxg6 Nxg6 16. c4 Qf7 17. c5 Bb8 18. Qc3 e5 19. b4 e4 20. Nh2 f5 21. Nb3 f4 22. Bd2 Nh4 23. Re2 f3 24. gxf3 Nxf3+ 25. Nxf3 exf3 0-1

[Event "Malinska Krk op"]
[Site "Malinska"]
[Date "2019.11.02"]
[Round "3"]
[White "Ivascanin, Nenad"]
[Black "Troselj, Ivan"]
[Result "1-0"]
[WhiteElo "2177"]
[BlackElo "1878"]
[PlyCount "43"]
[EventDate "2019.10.30"]
[EventType "swiss"]
[EventRounds "5"]
[EventCountry "CRO"]
[SourceTitle "CBM 192 Extra"]
[Source "Chessbase"]
[SourceDate "2019.11.06"]
[SourceVersion "1"]
[SourceVersionDate "2019.11.06"]
[SourceQuality "1"]

1. Nf3 d5 2. g3 Nf6 3. Bg2 c5 4. 0-0 Nc6 5. d4 e6 6. b3 Be7 7. Bb2 0-0 8. Nbd2 b6 9. c4 Bb7 10. cxd5 Nxd5 11. dxc5 Bxc5 12. a3 Rc8 13. b4 Be7 14. e4 Nf6 15. Qb3 Ba6 16. b5 Na5 17. Qa4 Bb7 18. Rfd1 Qd3 19. Ne1 Qe2 20. Bf3 Rc4 21. Qxa5 bxa5 22. Bxe2 1-0

[Event "Malinska Krk op"]
[Site "Malinska"]
[Date "2019.11.02"]
[Round "4"]
[White "Troselj, Ivan"]
[Black "Plesec, Damjan"]
[Result "0-1"]
[WhiteElo "1878"]
[BlackElo "2209"]
[PlyCount "116"]
[EventDate "2019.10.30"]
[EventType "swiss"]
[EventRounds "5"]
[EventCountry "CRO"]
[SourceTitle "CBM 192 Extra"]
[Source "Chessbase"]
[SourceDate "2019.11.06"]
[SourceVersion "1"]
[SourceVersionDate "2019.11.06"]
[SourceQuality "1"]

1. e4 d5 2. exd5 Qxd5 3. Nf3 Nf6 4. c4 Qa5 5. Nc3 Bf5 6. d4 e6 7. Bd2 c6 8. Nd5 Qd8 9. Nxf6+ gxf6 10. Qb3 Qb6 11. Qxb6 axb6 12. Be2 Nd7 13. 0-0 Bg7 14. Rfe1 0-0 15. h4 Bg4 16. Bc3 f5 17. a3 Rfd8 18. Rad1 Nf6 19. Nd2 Bxe2 20. Rxe2 c5 21. dxc5 bxc5 22. Ree1 Ne8 23. Bxg7 Kxg7 24. Nb3 b6 25. Kf1 Kf6 26. Ke2 Nd6 27. Rc1 Rg8 28. Kf3 Rg4 29. Nd2 Rxh4 30. Re3 Rd4 31. Ke2 Rd8 32. b4 Rxd2+ 33. Kxd2 Nxc4+ 34. Ke2 Nxe3 35. Kxe3 Ra8 36. Rc3 cxb4 37. axb4 Ra4 38. Rb3 e5 39. Kf3 Ke6 40. Ke3 b5 41. g3 h5 42. Kf3 Kf6 43. Ke3 Kg5 44. Kf3 h4 45. gxh4+ Kxh4 46. Re3 f6 47. Rb3 Kg5 48. Kg3 f4+ 49. Kf3 Kf5 50. Kg2 e4 51. f3 e3 52. Rb1 Ra2+ 53. Kg1 Rf2 54. Kh1 Rxf3 55. Kg1 Ke4 56. Kh2 e2 57. Rc1 Rf1 58. Rxf1 exf1N+ 0-1